100 Premier League Appearances: FC Liverpool - Statistics

General Stats
  • This quiz has been taken 70 times
  • The average score is 9 of 17
Answers on the Grid
Answers color-coded by a green-red scale on the quiz's grid according to % correct below.
Milan Baros
Jamie Carragher
Daniel Agger
Pepe Reina
Fabio Aurelio
Xherdan Shaqiri
Emre Can
John Arne Riise
Ryan Babel
Jermaine Pennant
Adam Lallana
Craig Bellamy
Lucas Leiva
Thiago Alcantara
David James
Markus Babbel
Roberto Firmino
Joel Matip
Fernando Torres
Paul Ince
Steve McManaman
John Barnes
Stewart Downing
Peter Crouch
Jamie Redknapp
Mamadou Sakho
Harry Kewell
Jerzy Dudek
Daniel Sturridge
Emile Heskey
 
Answer Stats
Answer % Correct
Jamie Carragher
88%
Pepe Reina
76%
Roberto Firmino
73%
John Arne Riise
65%
Daniel Agger
57%
David James
57%
Fernando Torres
57%
Steve McManaman
57%
Jamie Redknapp
51%
Joel Matip
49%
Lucas Leiva
49%
Adam Lallana
47%
John Barnes
45%
Daniel Sturridge
43%
Emile Heskey
39%
Jerzy Dudek
31%
Emre Can
29%
No matching quizzes found
Score Distribution
Percent of People with Each Score
Percentile by Number Answered
Your Score History
You have not taken this quiz